Internet as an important element of the information society and e-business development

Internet ako hlavný prvok rozvoja informačnej spoločnosti. Informačné a komunikačné technológie poskytujú nové formy spolupráce medzi firmami, dodávateľmi a spotrebiteľmi, zdokonaľovaním nových postupov práce, výrobkov a služieb, ktoré ponúkajú. Význam elektronického obchodu.

Gespeichert in:
Bibliographische Detailangaben
1. Verfasser: Hennyeyová, Klára
Format: Buchkapitel
Sprache:Englisch
Schlagworte:
Tags: Tag hinzufügen
Keine Tags, Fügen Sie das erste Tag hinzu!

MARC

LEADER 00000naa$a2200000$$$4500
001 0033838
005 20231113141655.5
041 0 |a eng 
044 |a CZ 
245 1 0 |a Internet as an important element of the information society and e-business development  |c Klára Hennyeyová 
520 |a Internet ako hlavný prvok rozvoja informačnej spoločnosti. Informačné a komunikačné technológie poskytujú nové formy spolupráce medzi firmami, dodávateľmi a spotrebiteľmi, zdokonaľovaním nových postupov práce, výrobkov a služieb, ktoré ponúkajú. Význam elektronického obchodu. 
610 2 0 |a internet 
610 2 0 |a technológie informačné 
610 2 0 |a technológie komunikačné 
610 2 0 |a obchod elektronický 
100 1 |a Hennyeyová, Klára